| 000 | 00855nam a2200241Ia 4500 | ||
|---|---|---|---|
| 003 | OSt | ||
| 005 | 20221006164822.0 | ||
| 006 | a|||||r|||| 00| 0 | ||
| 007 | ta | ||
| 008 | 221006b |||||||| |||| 00| 0 hin d | ||
| 024 | _a48 | ||
| 037 | _cTextual | ||
| 040 |
_aFML _cFML _bhin |
||
| 041 |
_2hin _ahin |
||
| 082 | _aY744:351 M7-;I | ||
| 100 |
_aअग्रवाल, राम नारायण, ले. _9167624 |
||
| 245 | 0 | _aहिन्दी की ख्याल लावनी परम्परा | |
| 246 | _aHindī kī khyāl lāvanī paramparā | ||
| 260 |
_aनई दिल्ली, _bराधाकृष्ण प्रकाशन _c1987 |
||
| 300 |
_a294 _ccm. |
||
| 942 |
_hY744:351 M7-;I _cTEXL _2CC |
||
| 999 |
_c1118583 _d1118583 |
||